000 00362nam a22001217a 4500
999 _c13741
_d13741
020 _a978-1119572053
082 _a300.712
100 _aElisabeth Johnson ; Evelyn Ramos Lamarr
245 _aThe Social Studies Teacher's Toolbox: Hundreds of Practical Ideas to Support Your Students
260 _aUSA
_bJossey-Bass
_c2020
300 _axxx, 466 pages
942 _cBK